Statistiche per Riconosci l'Allenatore dalla Carriera - Italia - Quiz n°2

Clicka qui per fare il quiz!

Statistiche generali

  • Questo quiz è stato fatto 44 volte
  • Il punteggio medio è 8 su 14

Statistiche sulle risposte

CarrieraAllenatore% Corretto
Acireale 2001-2002, Pistoiese 2002-2003, Livorno 2003-2004, Reggina 2004-2007, Sampdoria 2007-2009, Napoli 2009-2013, Inter 2013-2014, Watford 2016-2017, Torino 2018-2020, Cagliari 2021-2022Walter Mazzarri
89%
Roma 2011, Catania 2011-2012, Fiorentina 2012-2015, Sampdoria 2015-2016, Milan 2016-2017, Siviglia 2017-2018, Fiorentina 2019, Adana Demirspor 2021-Vincenzo Montella
83%
Genoa 2019, Spezia 2021-2022, Bologna 2022-Thiago Motta
81%
Opitergina 1985-1986, Pro Gorizia 1986-1989, Partinicaudace 1989-1990, Teramo 1990-1991, Ravenna 1991-1992, Novara 1992-1994, Nocerina 1994-1996, Ternana 1996-1999, Chievo 2000-2004, Porto 2004, Roma 2004-2005, Palermo 2005-2006, Chievo 2006-2007, Atalanta 2007-2009, Sampdoria 2009-2010, Juventus 2010-2011, Genoa 2012-2013, Hellas Verona 2015-2016, Udinese 2016-2017, Brescia 2020Luigi Delneri
72%
Prato 1969, Italia Under-23 1969-1975, Italia 1975-1986Enzo Bearzot
69%
Torremaggiore 1990-1991, Salernitana 1993-1995, Foggia 1995-1996, Pescara 1996-1997, Salernitana 1997-1999, Genoa 1999-2000, Pescara 2000, Pescara 2001, Lecce 2002-2004, Atalanta 2004-2005, Lazio 2005-2009, Palermo 2009-2011, Fiorentina 2011-2012, Sampdoria 2012-2013, Bologna 2015, Levski Sofia 2017-2018, Palermo 2019, Ascoli 2020Delio Rossi
61%
New England Revolution 1998-1999, Brera 2000-2001, Național Bucarest 2002-2003, Național Bucarest 2003, Steaua Bucarest 2004-2005, Stella Rossa 2005-2006, Gaziantepspor 2006-2007, Al-Ain 2007, Dinamo Bucarest 2007, Catania 2008-2009, Palermo 2009, Al-Nassr 2010, Al-Nasr 2011-2013, Al-Jazira 2013-2014, Sampdoria 2015, Al-Shaab 2015-2016, Wolverhampton 2016, Crotone 2017-2018, Venezia 2018-2019, Cagliari 2020Walter Zenga
61%
Italia 1912, Torino 1912-1922, Italia 1921, Italia 1924, Milan 1924-1926, Italia 1929-1948Vittorio Pozzo
47%
Belfortese 1980-1981, San Vicino 1981-1982, Urbisaglia 1982-1983, Belfortese 1984-1985, Camerino 1985-1987, Grottese 1987-1988, Cerreto 1988-1991, Monturanese 1991-1992, Tolentino 1992-1998, Lanciano 1998-1999, Castel di Sangro, Lanciano 2000-2003, Cesena 2003-2008, Salernitana 2008, Salernitana 2009, Piacenza 2009, Ascoli 2010-2011, Varese 2012-2013, Reggina 2013, Carpi 2014-2017, Cesena 2017-2018, Carpi 2018-2019, Trapani 2019-2020, Salernitana 2020-2021, Perugia 2022-Fabrizio Castori
44%
Sevegliano 1992-1994, Südtirol 2001-2003, Triestina 2003-2005, Cagliari 2005, Ascoli 2006, Mantova 2007-2008, Padova 2009, Novara 2009-2012, Ternana 2013-2015, Avellino 2015-2016, Cremonese 2016-2018, Pordenone 2018-2021, Modena 2021-Attilio Tesser
42%
Perugia 2013, Viareggio 2013-2014, Pistoiese 2014-2015, Tuttocuoio 2015-2016, Messina 2016-2017, Catania 2017-2018, Livorno 2018, Catania 2019-2020, Ternana 2020-2022Cristiano Lucarelli
39%
Cittadella 2002-2005, Brescia 2005-2006, Bari 2006-2007, Triestina 2007-2009, Vicenza 2009-2011, Varese 2011-2012, Catania 2012-2013, Catania 2014, Chievo 2014-2020, Genoa 2020, Pisa 2022, Hertha Berlino 2023-Rolando Maran
36%
Bagnone 1984-1988, Forte dei Marmi 1989-1991, Viareggio 1991-1992, Siena 1993-1995, Carrarese 1995-1997, Chievo 1997-1998, Brescia 1998-1999, Empoli 1999-2003, Palermo 2003-2004, Parma 2004, Lecce 2005-2006, Catania 2007-2008, Empoli 2008-2009, Vicenza 2011, Carrarese 2017-2021, Palermo 2021-2022, Perugia 2022Silvio Baldini
31%
Pescara 2015-2017, Udinese 2017-2018, Crotone 2018, Perugia 2019-2020, Perugia 2020, Pescara 2020, Padova 2022, SPAL 2023-Massimo Oddo
28%

Distribuzione punteggi

Percentile per numero di risposta

Percentuale di utenti per punteggio

I tuoi punteggi nel tempo

Non hai fatto questo quiz